000 01107cam a22003257i 4500
999 _c16713
_d16713
001 21951959
005 20220311111612.0
008 200106s2021 enkd b 001 0 eng d
010 _a 2020475072
015 _aGBC0J7420
_2bnb
016 7 _a020041434
_2Uk
020 _a9781529731613
020 _a9781529731606
035 _a(OCoLC)on1198373585
040 _aYDX
_beng
_erda
_cYDX
_dBDX
_dUKMGB
_dOCLCO
_dMNU
_dOCLCF
_dDLC
042 _alccopycat
050 0 0 _aLB1025.3
_b.A845 2021
082 0 4 _aDC 371.102
_22021
_bAs36
100 1 _aAshman, Greg,
_eauthor.
_944675
245 1 4 _aThe power of explicit teaching and direct instruction /
_cGreg Ashman.
260 _aLondon :
_bCorwin ,
_c©2021.
300 _axiv, 138 pages :
_billustrations, charts ;
_c25 cm
504 _aIncludes bibliographic references and index.
650 0 _aDirect instruction.
_944676
650 7 _aDirect instruction.
_2fast
_944676
906 _a7
_bcbc
_ccopycat
_d3
_encip
_f20
_gy-gencatlg
942 _2ddc
_cDC